LIBRARY & INFORMATION CENTRE, KCAET, TAVANUR

ONLINE PUBLIC ACCESS CATALOGUE (OPAC)

Guide for requirements of low income housing,8888-1978 / (Record no. 7130)

MARC details
000 -LEADER
fixed length control field 00945cam a2200157ua 4500
041 ## - LANGUAGE CODE
Language code of text/sound track or separate title eng
082 ## - DEWEY DECIMAL CLASSIFICATION NUMBER
Classification number 728.222
Item number IND/GU
245 ## - TITLE STATEMENT
Title Guide for requirements of low income housing,8888-1978 /
250 ## - EDITION STATEMENT
Edition statement 1 /
260 ## - PUBLICATION, DISTRIBUTION, ETC. (IMPRINT)
Place of publication New Delhi :
Name of publisher Indian standards institution ,
Year of publication 1978.
300 ## - PHYSICAL DESCRIPTION
Number of Pages 14 ; .
942 ## - ADDED ENTRY ELEMENTS (KOHA)
Koha item type Books
Holdings
Withdrawn status Lost status Damaged status Home library Current library Date acquired Full call number Accession Number Koha item type
      KAUAET   07/04/2012 728.222 17276 Books
free website counter